[Event "Linares Anibal op 04th"]
[Site "Linares"]
[Date "1997.??.??"]
[Round "3"]
[White "Pogorelov, Ruslan"]
[Black "Kharlov, Andrei"]
[Result "0-1"]
[WhiteElo "2465"]
[BlackElo "2555"]
[Annotator "Ribli"]
[PlyCount "80"]
[EventDate "1997.02.??"]
[EventType "swiss"]
[EventRounds "10"]
[EventCountry "ESP"]
[SourceTitle "CBM 058"]
[Source "ChessBase"]
[SourceDate "1997.06.01"]
[SourceVersion "1"]
[SourceVersionDate "1997.06.01"]
[SourceQuality "1"]

1. Nf3 d5 2. d4 Nf6 3. c4 e6 4. Nc3 dxc4 {Die sogenannte Wiener Variante führt
zu scharfem taktischem Spiel.Ribli.} 5. e4 Bb4 6. Bg5 c5 7. e5 (7. Bxc4 cxd4 8.
Nxd4 Bd7 $5 {Das ist die neueste Mode in der Eröffnungstheorie. Kramnik,
V-Anand,V/ Linares/1997/ Ribli.}) 7... cxd4 8. Nxd4 Qa5 9. exf6 Bxc3+ 10. bxc3
Qxg5 11. fxg7 Rg8 {Zum erste Mal wurde dieser Zug vom bulgarischen Großmeister
Inkiov in der Partie Miles - Inkiov,Zagreb 1987 ausprobiert.Ribli.} (11... Qxg7
$5) 12. Rb1 (12. h4 $5 Qxg7 $2 (12... Qe5+ $5) 13. Rh3 Na6 14. Re3 Bd7 15. Nf5
$16 {Piket,J-Agdestein,S/Wijk aan Zee/1988/}) 12... a6 $5 $146 (12... Rxg7 13.
Nb5 Na6 $6 (13... Qe5+ 14. Be2 $6 (14. Qe2 Qxe2+ 15. Bxe2 Na6 16. Nd6+ Kf8 $8 {
Mit späterer Punktteilung in der Grundpartie - Miles-Inkiov,Zagreb 1987.})
14... Bd7) 14. Nd6+ Ke7 15. Qd4 $36) 13. Be2 Qxg2 14. Bf3 Qxg7 {Schwarz hat
zwei Bauern mehr, aber Weiß besitzt Aktivität und die bessere Entwicklung.} 15.
Qa4+ Nd7 (15... b5 16. Qa5 (16. Nxb5 $13 axb5 17. Qxa8 Qxc3+) 16... Ra7 17.
Rxb5 axb5 18. Qxa7 Qe5+ 19. Kd1 $13) (15... Bd7 16. Qxc4 $44) 16. Kd1 {Weiß
bereitet Re1 vor und verhindert 16...Qe5 mit Schach. Ich bin jedoch der
Meinung, daß in solch komplizierten Stellungen mit zwei Bauern weniger nur
Schwarz die besseren Aussichten haben kann.Ribli.} Qg6 17. Kc1 Rb8 18. Kb2 (18.
Qxc4 Qg5+ 19. Kb2 Qc5 $15) 18... Qg5 19. Ka1 {Endlich hat der weiße König Ruhe
gefunden, Schwarz kann sich jedoch langsam entwickeln und seinen Vorteil
realisieren.Ribli.} b5 $17 20. Qc2 (20. Qa5 $5 {[%cal Yh1e1,Ya5c7,Yf3c6]
Dieser Zug scheint mir aktiver als die Partiefortsetzung.Ribli.} Qf4) 20... Nf6
21. Rhg1 Qxg1 22. Rxg1 Rxg1+ 23. Kb2 {Schwarz hat zwei Türme und zwei Bauern
für die Dame, aber in solch einer offenen Stellung kommt die Dame gewöhnlich
gut zur Geltung, sodaß Schwarz noch Vorsicht walten lassen muß.Ribli.} Bb7 {
Natürlich ist es günstig für Schwarz, den Läufer auf der großen Diagonale zu
tauschen.Ribli.} 24. Bxb7 Rxb7 25. Qe2 Nd5 26. Nf5 (26. Qe5 $5) 26... Rb6 27.
Ne3 {Der weiße Plan mit folgendem Springertausch hilft nur seinem Kontrahenten.
Wenn Schwarz gutes Zusammenspiel für seine beiden Türme findet, hat er klare
Gewinnchancen.Ribli.} Rd6 28. Nxd5 Rxd5 29. Qe3 a5 30. Qb6 (30. Qh6 {Dieser
Zug ist nicht gefährlich für Schwarz.Ribli.} Rg2 $17 {[%csl Rf2]}) 30... Rg2
31. Ka3 Kf8 {Der schwarze König findet Ruhe am Königsflügel.Ribli.} 32. Qb8+
Kg7 33. Qf4 h6 $1 34. h4 Rf5 $19 {Schwarz droht mit neuerlichem Bauerngewinn,
weil Weiß kein Gegenspiel hat.Ribli.} 35. Qd4+ Kh7 36. h5 $1 {Weiß versucht
eine letzte Pattfalle.Ribli.} Rgg5 (36... Rgxf2 $4 37. Qg7+ Kxg7 $11 {Und Weiß
ist Patt!Ribli.}) 37. Qa7 Rxh5 38. f4 a4 {Dieser Bauernzug macht den Weg für
den weißen König frei und beraubt Weiß seiner letzten Hoffnung: die
Pattdrohungen.Ribli.} (38... Rh2 39. Qxf7+ $4 Rxf7 {Und es gibt kein Patt
wegen des weißen f-Bauern.Ribli.}) 39. Qc7 Rh4 40. Kb4 Rhxf4 {Und Weiß gab auf
. Schwarz gewinnt leicht.Ribli.} 0-1

[Event "Linares Anibal op 04th"]
[Site "Linares"]
[Date "1997.??.??"]
[Round "4"]
[White "Kharlov, Andrei"]
[Black "Vakhidov, Tahir"]
[Result "1-0"]
[WhiteElo "2555"]
[BlackElo "2470"]
[PlyCount "79"]
[EventDate "1997.02.??"]
[EventType "swiss"]
[EventRounds "10"]
[EventCountry "ESP"]
[SourceTitle "CBM 058"]
[Source "ChessBase"]
[SourceDate "1997.06.01"]
[SourceVersion "1"]
[SourceVersionDate "1997.06.01"]
[SourceQuality "1"]

1. d4 Nf6 2. c4 g6 3. Nc3 d5 4. cxd5 Nxd5 5. Na4 Bg7 6. e4 Nb6 7. Be3 O-O 8.
Nf3 Nxa4 9. Qxa4 c5 10. Rd1 Bd7 11. Bb5 cxd4 12. Bxd4 Bxd4 13. Nxd4 Bxb5 14.
Qxb5 Qc7 15. O-O a6 16. Qg5 Nc6 17. Rc1 Qe5 18. Qxe5 Nxe5 19. Rc7 Rfd8 20. Nb3
Rd7 21. Rxd7 Nxd7 22. Rc1 Nb6 23. Kf1 Na4 24. Rc2 b6 25. Nd4 Kf8 26. Ke2 Rd8
27. Ke3 e5 28. Nc6 Re8 29. Nb4 Nc5 30. Nd5 Rb8 31. b4 Ne6 32. Rc6 Nd4 33. Rc1
a5 34. f4 axb4 35. fxe5 Ne6 36. Nxb4 Ra8 37. Rc3 Ra4 38. a3 Nc5 39. Kd4 Ra5 40.
Nc6 1-0

[Event "Linares Anibal op 04th"]
[Site "Linares"]
[Date "1997.??.??"]
[Round "5"]
[White "Hauchard, Arnaud"]
[Black "Kharlov, Andrei"]
[Result "1/2-1/2"]
[WhiteElo "2510"]
[BlackElo "2555"]
[Annotator "Tsesarsky"]
[PlyCount "44"]
[EventDate "1997.02.??"]
[EventType "swiss"]
[EventRounds "10"]
[EventCountry "ESP"]
[SourceTitle "CBM 058"]
[Source "ChessBase"]
[SourceDate "1997.06.01"]
[SourceVersion "1"]
[SourceVersionDate "1997.06.01"]
[SourceQuality "1"]

1. d4 d5 2. c4 e6 3. Nc3 Nf6 4. cxd5 exd5 5. Bg5 c6 6. e3 Bf5 7. Qf3 Bg6 8.
Bxf6 Qxf6 9. Qxf6 gxf6 10. Kd2 Nd7 11. Bd3 Nb6 (11... a5 {- 54/399}) 12. b3 Bb4
(12... Nc8 13. Nge2 Nd6 14. g4 f5 (14... O-O-O 15. Ng3 $14 {[%csl Rf5] Valerga,
D-Soppe,G/Buenos Aires PRENAJ 1994/1/2-1/2 (57)}) 15. gxf5 Bxf5 16. Rag1 Kd7
17. Bxf5+ Nxf5 18. Rg4 $132 {1-0 Ward,C-Hunt,H/BCF-ch Swansea 1995 (39)}) (
12... Ba3 $1 13. Nge2 Kd7 (13... Rc8 14. h4 O-O 15. h5 Bxd3 16. Kxd3 $11 {
Chow,A-Rahman,Z/New York op 1993/1/2-1/2 (66)}) (13... Nc8 14. f3 Nd6 15. g4
O-O-O 16. h4 Rhe8 17. Nf4 Bb4 18. Rac1 Kb8 19. h5 Bxd3 20. Kxd3 h6 21. Rhg1 Ba5
22. Nce2 Re7 23. Ng3 Rde8 24. Ng2 Rg8 25. Nh4 Rge8 26. Nhf5 Re6 27. Nxd6 Rxd6
28. Nf5 $16 {1-0 Babula,V-Jirovsky,M/CZE-chT9495 1995 (47)}) 14. Ng3 Nc8 15. h4
Nd6 16. h5 Bxd3 17. Kxd3 Bb2 18. Rab1 Bxc3 19. Kxc3 Rhg8 20. Kd3 a5 $5 21. a4
f5 $1 $11 {1/2-1/2 Gulko,B-Short,N/New York (m/12) 1994 (29)}) (12... Rg8 13.
g3 Nc8 14. Nge2 Bh6 15. Rhg1 Nd6 16. g4 Kd7 17. f4 Rae8 18. Raf1 Bxd3 19. Kxd3
Bf8 20. Rg3 b5 21. Rgg1 a5 22. h3 Be7 23. Ng3 Ra8 $11 {1-0 Hansen,C-Larsen,B/
DEN-ch 1994 (43)}) 13. Nge2 Nc8 14. h4 Nd6 15. h5 Bxd3 16. Kxd3 Bxc3 $5 17.
Nxc3 Rg8 18. Rag1 f5 $11 {Like Gulko - Short !} 19. f3 (19. Ne2 $2 Ne4 $17)
19... h6 20. Ke2 (20. Ne2 Kd7 21. Nf4 a5 $11) 20... Kd7 21. Kf2 Rg5 22. Ne2 a5
1/2-1/2

[Event "Linares Anibal op 04th"]
[Site "Linares"]
[Date "1997.??.??"]
[Round "6"]
[White "Kharlov, Andrei"]
[Black "Volzhin, Alexander"]
[Result "1/2-1/2"]
[WhiteElo "2555"]
[BlackElo "2505"]
[PlyCount "29"]
[EventDate "1997.02.??"]
[EventType "swiss"]
[EventRounds "10"]
[EventCountry "ESP"]
[SourceTitle "CBM 058"]
[Source "ChessBase"]
[SourceDate "1997.06.01"]
[SourceVersion "1"]
[SourceVersionDate "1997.06.01"]
[SourceQuality "1"]

1. d4 d5 2. Nf3 Nf6 3. Bf4 c5 4. e3 Nc6 5. c3 Qb6 6. Qb3 c4 7. Qc2 Bf5 8. Qc1
e6 9. h3 h6 10. Nbd2 Qa5 11. Be2 Be7 12. O-O O-O 13. Re1 b5 14. b4 Qb6 15. g4
1/2-1/2

[Event "Linares Anibal op 04th"]
[Site "Linares"]
[Date "1997.??.??"]
[Round "7"]
[White "Zapata, Alonso"]
[Black "Kharlov, Andrei"]
[Result "1-0"]
[WhiteElo "2515"]
[BlackElo "2555"]
[Annotator "Horvath,Ta"]
[PlyCount "105"]
[EventDate "1997.02.??"]
[EventType "swiss"]
[EventRounds "10"]
[EventCountry "ESP"]
[SourceTitle "CBM 057 ext"]
[Source "ChessBase"]
[SourceDate "1997.05.01"]
[SourceVersion "1"]
[SourceVersionDate "1997.05.01"]
[SourceQuality "1"]

1. e4 c5 2. Nf3 Nc6 3. d4 cxd4 4. Nxd4 Nf6 5. Nc3 e5 6. Ndb5 d6 7. Bg5 a6 8.
Na3 b5 9. Nd5 Be7 10. Bxf6 Bxf6 11. c3 O-O 12. Nc2 Rb8 13. g3 Bg5 (13... a5 14.
Bg2 b4 15. O-O bxc3 16. bxc3 Bg5 17. Qd3 Ne7 $10 {Bravo-Pacheco/Sao Paulo/1995}
) 14. Bg2 a5 15. O-O Ne7 16. Nce3 Bxe3 17. Nxe3 Be6 18. Qd2 Qb6 19. Rfd1 Rfd8
20. b3 (20. Qe2 b4 21. c4 Nc6 22. b3 Nd4 $10 {Prandstetter-Michalek/Cze/ch/1995
}) 20... Rbc8 21. Rac1 Rc6 (21... g6 22. c4 b4 $10) 22. Bf1 Rdc8 $2 23. c4 b4
24. c5 $1 dxc5 $2 (24... Rxc5 25. Rxc5 dxc5 26. Nc4 Bxc4 27. Bxc4 {Trotz
Minusbauer steht Weiß besser: Der Läufer ist stark und die schwarzen Bauern am
Damenflügel sind schwach.}) 25. Bb5 $1 {Grundlinie!} g6 26. Bxc6 Qxc6 27. Qd6
Qxd6 28. Rxd6 a4 29. Nc4 axb3 30. axb3 Kg7 31. Nxe5 Bxb3 32. Nd3 c4 33. Nxb4
$18 g5 34. f3 Ng6 35. Nc6 Ra8 36. Nd4 Ne5 37. Rc3 f6 38. h4 Ra1+ 39. Kg2 Ra2+
40. Kh3 Ba4 41. hxg5 Bd7+ 42. Rxd7+ Nxd7 43. gxf6+ Kxf6 44. Rxc4 Ne5 45. Rc3
Rd2 46. Nb3 Rf2 47. f4 Nf3 48. Rc6+ Kg7 49. Kg4 Nh2+ 50. Kf5 Nf1 51. Rc3 h5 52.
Nd4 Rg2 53. Ke6 1-0

[Event "Linares Anibal op 04th"]
[Site "Linares"]
[Date "1997.??.??"]
[Round "8"]
[White "Kharlov, Andrei"]
[Black "Villavicencio Martinez, Adalberto"]
[Result "1-0"]
[WhiteElo "2555"]
[BlackElo "2275"]
[Annotator "Donev"]
[PlyCount "81"]
[EventDate "1997.02.??"]
[EventType "swiss"]
[EventRounds "10"]
[EventCountry "ESP"]
[SourceTitle "CBM 058"]
[Source "ChessBase"]
[SourceDate "1997.06.01"]
[SourceVersion "1"]
[SourceVersionDate "1997.06.01"]
[SourceQuality "1"]

1. e4 {Hecht} c5 2. c3 e6 3. d4 d5 4. exd5 exd5 5. Nf3 Nc6 6. Bb5 Bd6 7. dxc5
Bxc5 8. O-O Nge7 9. Nbd2 O-O 10. Nb3 Bb6 11. Re1 Qd6 12. Be3 $1 {[%csl Rc5,Rd4,
Re5] Die Schlüsselidee der Variante. Weiss muß bei einem isolierten schwarzen
d5 Bauern versuchen, den schwarzfeldrigen Läufer zu tauschen. So werden die
schwarzen Felder rund um den Isolani noch schwächer.} Bxe3 ({Den Läufertausch
kann Schwarz nicht vermeiden weil er nach:} 12... Bc7 13. Bc5 $1 {Material
verliert.} Qf6 14. Bxc6 $18) 13. Rxe3 Bg4 14. h3 Bh5 (14... Bxf3 $142 15. Qxf3
Rad8 $14) 15. Be2 Rad8 16. Nfd4 {Nach jedem Figurenabtausch wird der Isolani
noch schwächer. Es ist unverständlich, wieso der Nachziehende mit leichter
Hand die Leichtfiguren tauscht. Vielleicht wollte die schwächere Seite
aufgrund des grossen Elounterschiedes auf diese Weise remis erreichen?} Nxd4 $6
(16... Bg6 $142 17. Qd2 $14 {/\Rd1 oder Re1}) 17. Nxd4 Bxe2 18. Qxe2 Nc6 19.
Rd1 {Was kann sich Weiß mehr wünschen. Alle Figuren sind perfekt platziert.
Die einzige offene Linie ist fest in weissen Händen, der Isolani vom
Riesenspringer blockiert, sogar der weisse König steht besser - er hat das
sogenannte Luftloch h3, und der Schwarze hat eine schwache 8 Reihe.} Nxd4 {
Schwarz setzt seine Remis - Abtauschtaktik fort?} (19... Qg6 20. Qb5 Nxd4 (
20... Rd7 21. Rde1 $16) 21. Rxd4 Qc6 (21... Qb1+ 22. Kh2 Qxa2 23. Re7 a6 24.
Qb6 $1 Rde8 25. Rxe8 Rxe8 26. Qxb7 $16) 22. Qb3 $16) (19... Qd7 20. Nxc6 Qxc6 (
20... bxc6 21. Re7 Qd6 (21... Rde8 22. Re1 Rxe7 23. Qxe7 $16) 22. Rxa7 $16) 21.
Qd2 Rd7 22. Rd3 Rfd8 23. Rd4 b5 24. b3 {nebst c4 und der schwache Pd5 geht
verloren.}) 20. Rxd4 Qc6 (20... Rd7 21. c4 Qa6 22. cxd5 Qxa2 23. Ra3 Qb1+ 24.
Rd1 Qf5 25. Rxa7 Rxd5 26. Rxb7 $16) 21. Qd2 Rd6 22. Red3 Rfd8 {Karpov,A (2705)
-Spassky,B (2640) Montreal 1979 (4) 1-0 [#] Alles klar. Beide Seiten haben die
eigene schwere Artillerie um den schwachen Pd5 konzentriert. Es ist merkwürdig
wie die weissen Figuren aufgebaut sind: Die Türme sind vor der Dame verdoppelt.
An dieser Stelle erinnere ich mich an eine berühmte Partie , in der der
Weltmeister auf gleiche Weise seine Schwerfiguren platziert hatte.} 23. c4 $1
$18 {Der entscheidende Schlag. Der Isolani ist zum vierten Mal angegriffen und
geht logischerweise verloren.} h6 24. Rxd5 Rxd5 25. Rxd5 Rxd5 26. cxd5 ({
Mit der Dame zu schlagen, wäre ein grober Fehler, weil das Bauernendspiel
Remis ist.} 26. Qxd5 $4 Qxd5 27. cxd5 Kf8 28. Kf1 Ke7 29. Ke2 Kd6 30. Kd3 Kxd5
$11) 26... Qd6 27. Qd4 a6 28. Kf1 Kf8 29. Ke2 Qe7+ 30. Qe3 Qb4 31. Qa3 $1 {
Jetzt ist alles vorbei! Nur mit den Damen auf dem Brett hätte sich der
Nachziehende auf taktische Weise retten können. Nach dem Damentausch ist das
Endspiel elementar gewonnen.} Qxa3 32. bxa3 {[#] Hecht Gewinn mit dem
Mittelbauern, weil Schwarz keine Festung am Damenflügel aufrechterhalten kann.}
Ke7 33. Kd3 Kd6 34. Kc4 b6 (34... b5+ {Hecht} 35. Kb4 Kxd5 36. Ka5 Kc5 37. Kxa6
Kc6 38. Ka5 Kc5 39. a4 b4 40. Ka6 Kc6 41. a5 {und die Bauernzüge des Schwarzen
am Königsflügel erschöpfen sich bald.}) 35. a4 h5 36. h4 g6 37. g3 f6 38. f4 {
Sichert Schwarz das wichtige Einbruchsfeld c5 mittels a5, so wandert Weiß mit
Gesang via b5 ein.} Kd7 (38... a5 {Hecht} 39. Kb5 Kc7 40. d6+ Kb7 41. d7 Kc7
42. d8=Q+ Kxd8 43. Kxb6 $18) 39. a5 $1 {Die letzte Kleinigkeit. Besorgt das
Eindringungsfeld c5.} bxa5 40. Kc5 a4 41. a3 {Eine wunderbare positionelle
Partie zum Thema: Spiel gegen den isolierten Damenbauer d5.} 1-0

[Event "Linares Anibal op 04th"]
[Site "Linares"]
[Date "1997.??.??"]
[Round "10"]
[White "Kharlov, Andrei"]
[Black "Saldano Dayer, Horacio"]
[Result "1/2-1/2"]
[WhiteElo "2555"]
[BlackElo "2360"]
[Annotator "Gutman,L"]
[PlyCount "112"]
[EventDate "1997.02.??"]
[EventType "swiss"]
[EventRounds "10"]
[EventCountry "ESP"]
[SourceTitle "CBM 058"]
[Source "ChessBase"]
[SourceDate "1997.06.01"]
[SourceVersion "1"]
[SourceVersionDate "1997.06.01"]
[SourceQuality "1"]

1. e4 {Nor} c5 2. Nf3 d6 3. d4 Nf6 4. Nc3 cxd4 5. Nxd4 a6 6. Be2 e5 7. Nb3 Be7
8. O-O O-O {Nor: In this position White has four different plans:a4,f4,both or
none of them.In the past a4 with f4 was very popular because it gets a lot of
area,but today theory's opinion has changed.With area came weaknesses.Without
pawns white can't get something so there are only two possibilities.After game
the Shirov-Gelfand f4 became very fashionable.} 9. Kh1 Qc7 {Shirov} (9... Be6
$5 {Nor} 10. f4 Qc7 11. Nd5 $5 Bxd5 12. exd5 Nbd7 13. c4 a5 $5 (13... Ne4 14.
Be3 Rae8 15. Qc2 $1 Nec5 16. f5 Qd8 $5 17. Bg1 Bg5 18. Nd2 e4 $14 {Dolmatov})
14. Be3 a4 15. Nd2 Nc5 16. Rc1 Nfd7 17. f5 Bf6 18. Qc2 e4 19. b4 axb3 20. axb3
Ra3 {Hansen,-Djurhuus, GM, 1994 =/+ -/ 0}) (9... b5 $5 {Nor} 10. Nd5 Nxd5 11.
Qxd5 Ra7 12. Be3 Be6 13. Qd1 Rb7 $5 14. Rc1 $5 Nc6 15. c4 Na5 $1 $132 16. Nxa5
Qxa5 17. cxb5 axb5 18. a3 Qa8 $1 19. Bd3 Rd8 20. f3 h6 $1 $13 {Short,-Kasparov,
Novgorod 1994}) (9... Nbd7 {Nor} 10. f3 Nb6 11. a4 d5 12. a5 d4 13. axb6 dxc3
14. Qxd8 Bxd8 15. bxc3 Bxb6 16. Ba3 Rd8 17. c4 $14 {Cseshkovsky}) (9... Nc6 {
Nor} 10. f4 exf4 11. Bxf4 Be6 12. Qe1 Ne8 13. Nd5 Bg5 $13 {Ehlvest-Gurevich,I,
Saint Martin 1993}) 10. f4 b5 11. fxe5 (11. Bf3 $6 {Nor} Nbd7 12. a3 Bb7 13. f5
Rac8 14. g4 d5 $5 15. exd5 e4 $1 $17 {Zarnicki-Sadler (Buenos Aires 1995)}) (
11. a4 {Nor Why not 11.f:e5 against Shirov?After he had shown the right plan I
could be smarter! Nor Why not 11.fxe5 against Shirov? After he had shown the
right plan I could be smarter!} b4 12. Nd5 Nxd5 13. exd5 Bb7 14. a5 Nd7 15. Ra4
Nf6 16. Rxb4 Bxd5 17. Rb6 $13 {1-0 GM Lutz-GM Shirov/F-West Open, 1996}) 11...
dxe5 12. Bg5 Nbd7 13. Bd3 Bb7 (13... h6 $5 {"Dieser Zug, der den Bg5 nach h4
zwingt, wurde von B. Gelfand vorgesclagen" (Lutz).} 14. Bh4 (14. Bd2 Nb6 {
"nebst Be6 stellt hier überhaupt keine Probleme" (Lutz).}) 14... Bb7 15. Qe1 $5
Rae8 $5 {mit ausreichendem Gegenspiel folgte in der Partie Sutovsky-Lutz, Biel
1996.} (15... Rae8 {Nor} 16. a4 b4 17. Na2 $5 a5 18. c3 bxc3 19. Nxc3 Bb4 20.
Qe2 $6 Bxc3 21. Rac1 Qb6 22. Rxc3 Rc8 23. Rxc8 Rxc8 24. Bb5 Bxe4 $15 {0-1
Sutovskij,E-Lutz,C/Credis, Biel SUI 1996})) 14. Qf3 {What has white in this
position? Only one importent thing-no weaknesses and in our time of
"chessprofessionals" it is very importent to attack without any risk. What
should black do? Only defense-not fair! No, Black should use two different
ideas: 1.Psychology. Never let your partner play without risking: disturb him,
divert him, look for counterplay! 2.Chess. Always play againts weakness. Where
is the weakness? I can see only two white's problems-time and knight on b3.
Now it is easy-14...h6!15.Bd2 Nb6 with counterplay .Let's see what is black
doing...} Nc5 {O dear! Relying on writing above, not this! Think, and you
don't have to be Gelfand to find the right answer! Black's idea is to exchange
knights, Bc8 and...nothing. Now the only question is:will white win in the end
or not. Let's see!} (14... h6 15. Bd2 $1 {Shirov-Gelfand/Dos Hermanas/1996/
"und Weiß hatte die gelegentliche Opferidee Bxh6" (Lutz).} (15. Bd2 $1 {Nor}
Nb6 $1 16. Qg3 (16. Rae1 $5) 16... Kh8 $6 17. Rf5 $1 $36 {1-0 Shirov,A-Gelfand,
B/Dos Hermanas sp 1996}) (15. Bh4 $6 Nb6 {/\ 16...Nh7})) 15. Nxc5 Qxc5 16. Ne2
{Of course! Now white is better.} ({Sinvoller scheint} 16. Nd1 {nebst Ne3 zu
sein.}) 16... Bc8 (16... Nd7 $142 {Nor} 17. Be3 Qc7 18. Ng3 $36) 17. h3 {
17.Qg3! was better. Attacking with a queen is better than without! Now it is
not easy.} (17. Be3 $6 {Nor} Qc7 (17... Qb4 18. a3) 18. Ng3 Bc5 (18... Bg4 $6
19. Qf2 Be6 20. h3 Bc4 21. Nf5 Bxd3 22. cxd3 Ne8 23. Rac1 Qd7 24. Nxe7+ Qxe7
25. d4 $1 exd4 26. Bxd4 Nd6 27. Qg3 f6 28. e5 fxe5 29. Bxe5 Ne4 30. Qb3+ Kh8
31. Qd5 $16) 19. Bxc5 (19. Bg5 Bg4 $19) 19... Qxc5 20. Nf5 Bxf5 $1 $15) (17.
Qg3 $1 $16 {Nor} Kh8 (17... Nh5 18. Qh4 Nf6 19. Ng3 $1 (19. Bxf6 $6 Bxf6 20.
Rxf6 $2 gxf6 21. Qxf6 Rb8 $1 22. Qg5+ (22. Ng3 Rb6) 22... Kh8 23. Nf4 Qd6 24.
Nh5 Rg8 $17) 19... Qc6 (19... Re8 20. Bxf6 Bxf6 21. Rxf6 gxf6 22. Nh5 $18) 20.
Nh5 Nxh5 21. Bxe7 Re8 22. Bg5 Qg6 23. Be2 Nf4 24. Bxf4 exf4 25. Rxf4 $16) (
17... Ng4 18. Bd2 $1 Be6 19. h3 Nf6 20. Bg5 $40 (20. Bh6 $6 Nh5 21. Qf3 Nf6 22.
Be3 (22. Qg3 $11) 22... Qc7 23. Ng3 $13)) 18. Qh4 Be6 $140 19. Rxf6 $1 (19. Ng3
$2 Ng8 20. Nh5 f6 $15) 19... Bxf6 20. Bxf6 gxf6 21. Qxf6+ Kg8 22. Ng3 Rfd8 (
22... Rfe8 23. Nh5 Kf8 24. Ng7 $1 $18) 23. Nh5 Kf8 24. Rf1 Qd6 25. Qh6+ Ke7 26.
Ng7 Rg8 27. Qf6+ Kd7 28. Rd1 Kc7 29. Be2 Qc5 (29... Qc6 30. Qxe5+ Kb7 31. Nxe6
fxe6 32. Rd6 Qxc2 33. Rd7+ Kb6 34. Qd6+ Ka5 35. b4+ Ka4 36. Bd1 $18) 30. Nxe6+
$1 (30. Qxe6 $6 fxe6 31. Nxe6+ Kb6 32. Nxc5 Kxc5 33. Rd5+ Kc6 34. Rxe5 Rge8 35.
Rxe8 Rxe8 36. Bd3 $16) 30... fxe6 31. Qf7+ Kb6 32. Qxe6+ Ka5 33. c3 $18) 17...
Kh8 $5 18. Ng3 {The last chance to let the Queen get in is 18.Qg3! Now I can't
really improve white's play.} (18. Qg3 $142 {Nor} Bb7 19. Qh4 (19. Rf5 $5))
18... Ng8 19. Be3 Qb4 $6 ({Zu bevorzugen war} 19... Qc6 20. Nf5 Bc5) (19... Qc7
$142 {Nor}) 20. a3 Qd6 (20... Qxb2 $4 {Nor} 21. Ne2 $1 $18) (20... Qa5 $5 {Nor}
) 21. Nf5 (21. a4 b4 22. Nf5 {kommt stark in Frage.}) (21. Rad1 $5 {Nor} Qc6
22. Nf5 Bxf5 23. exf5 Qxf3 24. Rxf3 $14) 21... Bxf5 22. exf5 (22. Qxf5 {
nebst 23.a4.}) 22... Nf6 23. Rad1 Qc7 24. c3 {White is better, but not better
enough!} Rad8 25. Bc2 (25. g4 $2 {Nor: With idea Rfe1, Bd3-f1-g2.} Rxd3 26.
Rxd3 e4 $19) 25... Bc5 26. Bg5 (26. Bxc5 $6 {Nor} Qxc5 27. Rfe1 Rxd1 28. Rxd1
Re8 $13) 26... Rfe8 27. Bxf6 gxf6 {mit Ausgleich.} 28. Be4 Rxd1 29. Rxd1 Rd8 {
Black, of course, uses the chance to exchange something. White's attack can't
be serious and after a5 and b4 it will be an easy draw. Every player gets what
has he wanted: white attacked without giving chances and black got a draw.
Another game bites the dust!} 30. Bd5 Bb6 31. Qh5 e4 $5 {In case of
multicolored bishops every player has one bishop more, so the pawn's number is
not so important!} (31... Rd7 {war möglich.}) 32. Bxe4 Rxd1+ 33. Qxd1 Qf4 34.
Qe1 Bf2 35. Qf1 Qd2 36. Qb1 Be3 37. Bb7 a5 38. Bc6 b4 39. axb4 axb4 40. cxb4
Qxb4 41. Bd5 Bd4 42. b3 Be5 {Verschiedenfarbige Läufer versprechen Schwarz
genügend Gegenspiel.} 43. Qc1 Kg7 44. Bc4 Bb8 45. Qd1 Qc3 46. Qf3 Qe1+ 47. Bf1
Qe5 48. g3 Qxg3 49. Qxg3+ Bxg3 50. b4 Kf8 51. Kg2 Bc7 52. Kf3 Ke7 53. Ke4 Kd6
54. Bc4 Kc6 55. Kd3 h5 56. Bxf7 h4 1/2-1/2

[Event "Ubeda op 2nd"]
[Site "Ubeda"]
[Date "1997.??.??"]
[Round "1"]
[White "Rabinovich, Alexander"]
[Black "Kharlov, Andrei"]
[Result "0-1"]
[WhiteElo "2350"]
[BlackElo "2555"]
[PlyCount "82"]
[EventDate "1997.02.??"]
[EventType "swiss"]
[EventRounds "10"]
[EventCountry "ESP"]
[SourceTitle "CBM 056 ext"]
[Source "ChessBase"]
[SourceDate "1997.03.01"]
[SourceVersion "1"]
[SourceVersionDate "1997.03.01"]
[SourceQuality "1"]

1. d4 d5 2. c4 e6 3. Nc3 Nf6 4. Nf3 dxc4 5. Qa4+ c6 6. Qxc4 b5 7. Qb3 Nbd7 8.
Bg5 b4 9. Na4 Ba6 10. Rc1 Qa5 11. Bxf6 gxf6 12. e4 Bh6 13. Rxc6 Bxf1 14. Rxf1
O-O 15. Nc5 Rac8 16. Rxc8 Rxc8 17. Nd3 Qb5 18. Ke2 a5 19. Rd1 a4 20. Qxb4 Rc2+
21. Kf1 Qxb4 22. Nxb4 Rxb2 23. a3 Bf8 24. d5 Bxb4 25. dxe6 fxe6 26. axb4 Nb6
27. Ra1 Rxb4 28. Nd2 Rb2 29. Ke1 Kf7 30. Kd1 Ke7 31. Kc1 Rb4 32. Ra3 Nc4 33.
Rc3 Nxd2 34. Kxd2 Kd6 35. Rd3+ Ke5 36. Rh3 Rb2+ 37. Ke1 Kxe4 38. Ra3 Rb4 39.
Re3+ Kd5 40. Ke2 Re4 41. Kf1 Rxe3 0-1